Online Catalogue and eLibrary

Matar kula tilakankal (Record no. 954)

MARC details
000 -LEADER
fixed length control field 00366nam a2200145Ia 4500
005 - DATE AND TIME OF LATEST TRANSACTION
control field 20250425084320.0
008 - FIXED-LENGTH DATA ELEMENTS--GENERAL INFORMATION
fixed length control field 240331s9999 xx 000 0 und d
082 ## - DDC Classification
Class No. 295.5
Item Number - Author Mark MUR
100 ## - MAIN ENTRY--PERSONAL NAME
Personal name Murthy, S
245 #0 - TITLE STATEMENT
Title Matar kula tilakankal
260 ## - PUBLICATION, DISTRIBUTION, ETC.
Place of publication, distribution, etc. Chennai
Name of publisher, distributor, etc. Vanathi pathippagam
Date of publication, distribution, etc. 1991
300 ## - PHYSICAL DESCRIPTION
Extent (e.g. Volumes, Pages etc.) 216 p .,
500 ## - GENERAL NOTE
General note A book of Ancient Tamil women's
942 ## - Koha item type (Biblio)
Koha item type Books in Stacks (Lending)
Holdings
Lost status Damaged status Collection code Home library Current library Shelving location Date acquired Full call number Accession Number Item type
    Lending WERC Library WERC Library Social Science Cupboard 03/31/2024 295.5 MUR 3686 Books in Stacks (Lending)

© WERC Library